000 00636nam a22001937a 4500
003 OSt
005 20210301062754.0
008 210226s1989 ||||| |||| 00| 0 eng d
040 _aeng
_beng
_cDLC
_deng
041 _aeng
080 _a616.8
_bH-19
100 _91176
_aHall, Marshall
245 _aThis Special Edition of Lectures on the Nervous System and Its Diseases
_b/ by: The Classics of Neurology and Neurosurgery Library
260 _aBirmingham, Alabama
_bThe Classics of Neurology and Neurosurgery Library
_c1989
300 _a171 p.
650 0 _9100
_aNeurology
653 _aნევროლოგია
942 _2udc
_cBK
999 _c1799
_d1799